000 00651cam a22002173a 4500
001 44184
003 PGUSA
005 20140828084016.0
008 131115s2013||||xxu|||||s|||||000 | eng d
040 _aPGUSA
_beng
042 _adc
100 1 _aStrindberg, August,
_d1849-1912
245 1 0 _aOn the Seaboard :
_bA Novel of the Baltic Islands
_h[electronic resource] /
_cAugust Strindberg
260 _bProject Gutenberg,
_c2013
506 _aPublic domain in the USA.
516 _aElectronic text
700 1 _aWestergren, Elizabeth Clarke
830 0 _aProject Gutenberg
_v44184
856 4 0 _uhttp://www.gutenberg.org/ebooks/44184
942 _cEB
999 _c273435
_d273435